| 000 | 00883cam a2200289Ma 4500 | ||
|---|---|---|---|
| 001 | 45419 | ||
| 005 | 20230410132752.0 | ||
| 008 | 950203s1964 ag a b 000 0 spa d | ||
| 035 | _a(OCoLC)ocm55445839 | ||
| 040 |
_aDIBAM _bspa _cDIBAM _dOCLCQ |
||
| 035 | _a(OCoLC)55445839 | ||
| 050 | 1 | 4 |
_aQC 183 _bB793p 1964 |
| 082 | 0 | 0 | _a541.3453 |
| 049 | _aGRAL | ||
| 100 | 1 |
_aBoys, Charles Vernon, _cSir, _d1855-1944. |
|
| 245 | 1 | 0 |
_aPompas de jabón y las fuerzas que las producen / _cCharles V. Boys ; traducida por Pastora S. Nogues Acuña. |
| 250 | _a2a ed. | ||
| 260 |
_aBuenos Aires : _bEditorial Universitaria de Buenos Aires - EUDEBA, _c1964. |
||
| 300 |
_a150 p. : _bil. |
||
| 440 | 0 |
_aColección ciencia joven ; _v6 |
|
| 504 | _aIncluye bibliografía. | ||
| 650 | 0 | _aSurface tension. | |
| 650 | 0 | _aBubbles. | |
| 942 |
_2lcc _cbk |
||
| 946 | _amfcruz | ||
| 994 |
_aC0 _bDRFGD |
||
| 999 |
_c87409 _d87409 |
||